000 00795nam a2200253Ia 4500
003 OSt
005 20221005112122.0
006 a|||||r|||| 00| 0
007 ta
008 221004b |||||||| |||| 00| 0 pan d
024 _a117339
037 _cTextual
040 _aCRL
_cCRL
_bpan
041 _2pan
_apan
082 _aV72, 153P9
100 _aਖੋਜੀ ਕਾਖ਼ਿਰ
245 0 _aਚਮਤਕਾਰੀ ਕੈਨੇਡਾ
260 _aਅਮ੍ਰਿਤਸਰ
_bਸਿੰਘ ਬ੍ਰਦਰਗ਼ ਭਾਰਤ
_c2009
300 _a240ਪੰ
_ccm.
650 _a ਕੈਨੇਡਾ-ਇਤਿਹਾਸ
650 _aਭਾਰਤੀਯ ਇਤਿਹਾਸ
942 _hV72, 153P9
_cTEXL
_2cc
999 _c1023874
_d1023874